| 000 | 00930nam a2200313Ia 4500 | ||
|---|---|---|---|
| 001 | dia_4479 | ||
| 003 | CHAP | ||
| 005 | 20251027152654.0 | ||
| 008 | 220117s1996 xx 000 0 und d | ||
| 010 | _a175141 | ||
| 020 | _a0-7514-0237-0 | ||
| 040 | _cCHAP | ||
| 082 | _a664.09 M54 1996 | ||
| 245 |
_aMigration from food contact materials / _c Editor L.L. Katan |
||
| 260 |
_aLondon : _b Blackie Academic & Professional, _c1996 |
||
| 300 | _axiv, 303 p. | ||
| 503 | _aI. 237690 | ||
| 504 | _aIncluye bibliografías | ||
| 590 | _aTP374 M54 1996 | ||
| 650 |
_aAlimentos _xContaminados _9155974 |
||
| 650 |
_aFood _xPackaging _9155975 |
||
| 650 |
_aFood contamination _9153418 |
||
| 650 |
_aIndustria alimentaria _9141176 |
||
| 700 |
_aKatan, L. L., ed. _9155976 |
||
| 901 | _a664.09 M54 1996 | ||
| 902 | _aM | ||
| 905 | _a5231271996 -usAmni8222223322ENG16 | ||
| 942 |
_cLIBRO _2ddc |
||
| 999 |
_c175141 _d175141 |
||